000 01371nam2a22002651 4500
001 v19\rc\1368084
005 20250618083555.0
035 _a(NLR Aleph) 004507470
090 _a4735334
_c4735334
100 _a20060512d1914 |||y0rusy50 ca
101 0 _arus
102 _aRU
105 _ay z |||||
200 1 _aс 1 января 1913 г. по 1 января 1914 г. [и с 1 января по 1 июля 1914 г.]
210 _d1914
_aБ. м.
215 _a[1], 69 с.
461 0 _1001v19\rc\1368050
_12001#$aОтчет Рыльской уездной земской управы о денежных суммах, находившихся в ее распоряжении...$fЗемство Курской губ.$vс 1 января 1913 г. по 1 января 1914 г.
_94734994
_aРыльская уездная земская управа
_cРыльск
_d[1867]-1915
_fЗемство Курской губ.
_tОтчет Рыльской уездной земской управы о денежных суммах, находившихся в ее распоряжении...
_vс 1 января 1913 г. по 1 января 1914 г.
801 0 _aRU
_bNLR
_gpsbo
801 0 _aRU
_bRuMoRGB
_2psbo
801 1 _aRU
_bProSoft-M
_2rusmarc
852 _aNLR
_bЗем
_j18-10/О1
899 _aRuMoRGB
_jA 258/150
899 _aRuMoRGB
_jA 294/34
942 _cBOOK
980 _aNB